00880cam a22002531 450000100100000000500170001000800410002701000130006803500190008104000260010004200120012610000420013824500650018026000460024530000210029149000410031265000280035365000310038183000460041291000340045804900090049295201100050199900150061100000867920200929161400.0780612s1962 sp 000 1 spa  a65082568 a(OCoLC)3967607 aDO-SdBNPcAzFUdBNPHU apremarc1 aLópez-Nuno Diez, LuisbL864u92312214aLas últimas fronteras :bnovela /cLuis López-Nuno Diez. aBarcelona, :bEditorial Planeta,c[1962]. a356 p. ;c20 cm.1 a"Autores espanoles contemporáneos" 4aNovela española91123 4aLiteratura española9632 0aAutores espanoles contemporáneos.94154 aCatalogación por copia / LC aBNGR 001052708MOaGRbGRcCTd2009-09-17iLF1l0o p8679-10r2020-06-25w2020-06-25y2ZPréstamo interno c8449d8449